000 00802nam a2200241Ii 4500
008 221202s xx 000 0 und d
100 1 _aBletz, J.C.F.,
_eauthor
245 0 _aShaping factors for the business environment in The Netherlands after 1992
264 _bWRR
_c1993
300 _a1 online resource (94 pages)
336 _atext
_btxt
_2rdacontent
337 _acomputer
_bc
_2rdamedia
338 _aonline resource
_bcr
_2rdacarrier
490 _aVoorstudie
_v78
520 _aEconomics
653 _aEconomics
653 _aEconomie
653 _aEuropean Economic Community
653 _aInfrastructure
653 _aLabour Economics
856 _uhttps://library.oapen.org/bitstream/20.500.12657/34143/1/439498.pdfhttp://library.oapen.org/handle/20.500.12657/34143
942 _cE-BOOK
999 _c65525
_d65525